| 000 | 00590nam a2200193Ia 4500 | ||
|---|---|---|---|
| 003 | OSt | ||
| 005 | 20240328102451.0 | ||
| 008 | 210210b1989 xxu||||| |||| 00| 0 eng d | ||
| 040 | _cAL | ||
| 041 | _aKannada | ||
| 082 | _aK894.9 ERYM | ||
| 100 |
_aERYA LAKSHMINARAYANA ALVA. _944310 _dಏರ್ಯ ಲಕ್ಷ್ಮೀ ನಾರಾಯಣ ಆಳ್ವ |
||
| 245 |
_aMuliya Timmappayya _bಮುಳಿಯ ತಿಮ್ಮಪ್ಪಯ್ಯ |
||
| 260 |
_aMangaluru _bShatamanotsava Samiti _c1989 |
||
| 300 | _a48 | ||
| 690 |
_aKannada Criticism _944311 |
||
| 906 | _a042274 | ||
| 942 |
_2ddc _cBK |
||
| 999 |
_c91861 _d91861 |
||